| 000 -ლიდერი |
| ფიქსირებული სიგრძის საკონტროლო ველი |
01439nam a2200253Ia 4500 |
| 001 - საკონტროლო ნომერი |
| საკონტროლო ველი |
22117 |
| 003 - საკონტროლო ნომრის იდენტიფიკატორი |
| საკონტროლო ველი |
GE_BSU |
| 005 - ბოლო ოპერაციის თარიღი და დრო |
| საკონტროლო ველი |
20221031172302.0 |
| 008 - ფიქსირებული სიგრძის მონაცემთა ელემენტები - ზოგადი ინფორმაცია |
| ფიქსირებული სიგრძის საკონტროლო ველი |
181216s ||||ge |||||||||||||| ||geo|| |
| 010 ## - კონგრესის ბიბლიოთეკის საკონტროლო ნომერი |
| LC საკონტროლო ნომერი |
999403166X 99928-65-11-3(სერია) |
| 040 ## - კატალოგიზაციის წყარო |
| Transcribing agency |
GE_BSU |
| 041 ## - ენის კოდი |
| Language code of text/sound track or separate title |
geo |
| 080 ## - უნივერსალური ათობითი კლასიფიკაციის ინდექსი |
| Universal Decimal Classification number |
821.14'01.09-394 გ-70 |
| 100 ## - მთავარი ჩანაწერი - პიროვნების სახელი |
| Personal name |
გორდეზიანი, რისმაგ |
| 9 (RLIN) |
15681 |
| 245 ## - ცნობა სათაურის შესახებ |
| Title |
მითების სიბრძნე : |
| Remainder of title |
დამხმ. სახელმძღვ. მოსწავლეთათვის / |
| Statement of responsibility, etc |
რისმაგ გორდეზიანი ; სერიის მთ. რედ. რისმაგ გორდეზიანი. |
| 264 ## - წარმოების, გამოცემის, დისტრიბუციის და სხვა ცნობები |
| გამოცემის, წარმოების, დისტრიბუციის... ადგილი |
თბილისი : |
| გამოცემის, წარმოების, დისტრიბუციის... სახელწოდება |
პროგრამა ”ლოგოსი", |
| გამოცემის, წარმოების, დისტრიბუციის... თარიღი |
2005. |
| 300 ## - ფიზიკური აღწერა |
| Extent |
361 გვ. : |
| Other physical details |
ილ. ; |
| Dimensions |
20 სმ. |
| Accompanying material |
ტაბ. |
| 490 ## - სერიის ცნობა |
| Series statement |
ბერძნული მითების სამყარო პროგრამა "ლოგოსი" პუბლ. და ღონისძ. კლასიკ. ფილოლ., ბიზანტ. და ნეოგრეც. სფეროში |
| 653 ## - INDEX TERM--UNCONTROLLED |
| Uncontrolled term |
ბერძნული ლიტერატურა |
| 653 ## - INDEX TERM--UNCONTROLLED |
| Uncontrolled term |
ისტორია და კრიტიკა -- ბერძნული მითოლოგია |
| 653 ## - INDEX TERM--UNCONTROLLED |
| Uncontrolled term |
მითების სიბრძნე |
| 942 ## - ADDED ENTRY ELEMENTS (KOHA) |
| Koha item type |
წიგნი |
| Source of classification or shelving scheme |
|